| 000 | 01575nam0a22003251 4500 | ||
|---|---|---|---|
| 001 | rc\3513630 | ||
| 005 | 20130115142729.3 | ||
| 021 |
_aRU _b[71-75234] |
||
| 035 | _a(NLR Aleph) 007658491 | ||
| 090 |
_a6305948 _c6305948 |
||
| 100 | _a20130115d1971 |||y0rusy50 ca | ||
| 101 | 0 | _arus | |
| 102 | _aRU | ||
| 105 | _aab z ||||| | ||
| 200 | 1 |
_aТектоника и перспективы нефтегазоносности надсолевых отложений северного междуречья Урала и Волги _fМ-во высш. и сред. спец. образования КазССР. Каз. политехн. ин-т им. В.И. Ленина |
|
| 210 |
_aМосква _cНедра _d1971 |
||
| 215 |
_a175 с., 1 л. схем. _cчерт., карт. _d21 |
||
| 300 | _aПеред загл. авт.: И.М. Бровар, И.Г. Лата, И.И. Шмайс | ||
| 320 | _aСписок лит.: с. 170-174 | ||
| 606 |
_aГазоносные районы _yВолго-Уральский нефтяной район _2psbo |
||
| 606 |
_aТектоника _yВолго-Уральский нефтяной район _2psbo |
||
| 606 |
_aНефтеносные районы _yВолго-Уральский нефтяной район _2psbo |
||
| 700 | 1 |
_aБовар _bИ. М. _gИлья Матвеевич |
|
| 701 | 1 |
_aЛата _bИ. Г. _gИгорь Григорьевич |
|
| 701 | 1 |
_aШмайс _bИ. И. _gИосиф Исаевич |
|
| 801 | 0 |
_aRU _bNLR _gpsbo |
|
| 801 | 1 |
_aRU _bELAR _2rusmarc |
|
| 852 |
_aNLR _j71-5/4736 |
||
| 942 | _cBOOK | ||
| 980 | _aNB | ||